000
00254nam a22001217a 4500
082
_a
500
_b
CHA/E
100
_a
CHATTOPADHYAY
245
_a
EXPERIMENT WITH MATERIALS
260
_a
DELHI
_b
STERLING PRESS
300
_a
40
650
_a
GK
_z
DELHI
942
_c
BK
999
_c
6395
_d
6395